000 00258nam a2200109Ia 4500
008 231212s2000 xx 000 0 und d
041 _aeng
082 _a622.395
100 _aAndrew S. T.
245 _aComputer Networks
260 _aNew Delhi
_bPrentic
_c2000
999 _c964781
_d964781